| 000 | 00394nam a2200157Ia 4500 | ||
|---|---|---|---|
| 008 | 230312s9999||||xx |||||||||||||| ||und|| | ||
| 020 | _a81-315-0879-4 | ||
| 082 |
_a621.317 _bBAR-I |
||
| 100 | _aBartelt;Terry | ||
| 245 | 0 | _aIndustrial Electronics | |
| 260 |
_bCengage Learning _aIndia _c2011 |
||
| 300 | _a602 | ||
| 546 | _aEng. | ||
| 650 |
_aEngineering _vIndustrial Electronics |
||
| 942 | _cBK | ||
| 999 |
_c7593 _d7593 |
||